000 00438nam a2200181Ia 4500
001 4188
005 20260306145737.0
008 260306t2013||||xx |||||||||||||| ||spa||
041 _aESP
082 _a320
_bM64
100 _aMiró Quesada Rada, Francisco
_eAUT
245 0 _aIntroducción a la ciencia política
260 _c2013
300 _a000 páginas :
_c00 cm.
650 _aGEN
654 _aCDE
942 _cLIB
_dJUS
_fJUS
_2ddc
_n
999 _c4188
_d4188